000 00593cam a22002171 4500
001 1694777
005 20180226032450.0
008 730522s1962 nyu 000 0 eng
010 _a 62007159
040 _aDLC
_cDLC
_dDLC
041 _aeng
043 _ae-uk-en
080 _a792.094216 BEC
082 0 0 _a792.094216 BEC
100 1 _a21
101 _aGJL
245 0 0 _aShakespeare at the Globe, 1599-1609.
906 _a7
_bcbc
_corignew
_du
_eocip
_f19
_gy-gencatlg
942 _2ddc
_cBK
999 _c43385
_d43385